Kto Wtedy Wybiegł Na Boisko Francja 4-2 Chorwacja 2018 MŚ - Statystyki

Ogólne statystyki
  • Ten quiz został rozwiązany 258 razy
  • Średni wynik to 18 z 29
Statystyki odpowiedzi
Pozycja Piłkarz % Poprawnych
Bramkarz Lloris
97%
ŚPO Modrić
93%
N Giroud
92%
ŚPD Pogba
92%
PP Mbappe
90%
LP Griezmann
87%
ŚPD Kante
86%
ŚO Varane
86%
PO Pavard
84%
N Mandzukić
83%
LP Perisić
80%
ŚO Umtiti
78%
ŚO Vida
75%
LO Hernandez
74%
ŚPD Rakitić
69%
Bramkarz Subasić
69%
Trener Deschamps
64%
ŚPO Matuidi
56%
ŚPD Brozović
51%
PP Rebić
47%
ŚO Lovren
46%
Rezerwowy Kramarić
34%
PO Vrsaljko
34%
Rezerwowy Fekir
27%
Trener Dalić
21%
LO Strinić
21%
Rezerwowy Tolisso
19%
Rezerwowy N'Zonzi
13%
Rezerwowy Pjaca
5%
Nie znaleziono quizów pasujących do podanych kryteriów
Rozkład punktacji
Procent ludzi z każdym wynikiem
Percentyl według liczby udzielonych odpowiedzi
Twoja historia wyników
Nie rozwiązałeś tego quizu